00434nam a2200157Ia 4500999001700000003000400017005001700021008004100038040000900079082001800088100002800106245004900134260004300183300000800226942004200234 c21916d21916OSt20200611115133.0190216s9999||||xx |||||||||||||| ||und|| coclc a297.12bHUS/Q aHusain, Ashfaque 92780 0aThe Quintessence Of Islam /cAshfaque Husain bAsia Publishing House,aBombay:c1960. a92p cBK2ddch297.12iHUS/Qk297.12mHUS/Q